书目信息 |
| 题名: |
自适应滤波器原理
|
|
| 作者: | 赫金 著 ;郑宝玉 译 | |
| 分册: | ||
| 出版信息: | 北京 电子工业出版社 2016.05 |
|
| 页数: | 14,689页 | |
| 开本: | 26cm | |
| 丛书名: | 国外电子与通信教材系列 | |
| 单 册: | ||
| 中图分类: | TN713 | |
| 科图分类: | ||
| 主题词: | 跟踪滤波器--教材 | |
| 电子资源: | ||
| ISBN: | 978-7-121-25052-1 | |
| 000 | 01155nam0 2200301 450 | |
| 001 | 0120161857913 | |
| 005 | 20170327083725.60 | |
| 010 | @a978-7-121-25052-1@dCNY99.00 | |
| 100 | @a20160621d2016 em y0chiy50 ea | |
| 101 | 1 | @achi@ceng |
| 102 | @aCN@b110000 | |
| 105 | @aak z 000yy | |
| 106 | @ar | |
| 200 | 1 | @a自适应滤波器原理@9zi shi ying lu^ bo qi yuan li@dAdaptive filter theory@f(加)Simon Haykin著@g郑宝玉等译@zeng |
| 205 | @a2版 | |
| 210 | @a北京@c电子工业出版社@d2016.05 | |
| 215 | @a14,689页@c图@d26cm | |
| 225 | 1 | @a国外电子与通信教材系列 |
| 305 | @a据原书第5版译出 由Pearson Education(培生教育出版集团)授权出版 | |
| 330 | @a全书共17章,系统全面、深入浅出地讲述了自适应信号处理的基本理论与方法,充分反映了近年来该领域的新理论、新技术和新应用。内容包括:随机过程与模型、维纳滤波器、线性预测、最速下降法、随机梯度下降法等。 | |
| 333 | @a高校电子类相关专业师生 | |
| 510 | 1 | @aAdaptive filter theory@zeng |
| 606 | 0 | @a跟踪滤波器@j教材 |
| 690 | @aTN713@v5 | |
| 701 | 0 | @c(加)@a赫金@9he jin@c(Haykin, Simon)@4著 |
| 702 | 0 | @a郑宝玉@9zheng bao yu@4译 |
| 801 | 0 | @aCN@b人天书店@c20160621 |
| 905 | @b980764-66@dTN713@e287=2@f3 | |
| 自适应滤波器原理=Adaptive filter theory/(加)Simon Haykin著/郑宝玉等译.-2版.-北京:电子工业出版社,2016.05 |
| 14,689页:图;26cm.-(国外电子与通信教材系列) |
| 使用对象:高校电子类相关专业师生 |
| ISBN 978-7-121-25052-1:CNY99.00 |
| 全书共17章,系统全面、深入浅出地讲述了自适应信号处理的基本理论与方法,充分反映了近年来该领域的新理论、新技术和新应用。内容包括:随机过程与模型、维纳滤波器、线性预测、最速下降法、随机梯度下降法等。 |
| ● |
| 相关链接 |
|
|
|
|
正题名:自适应滤波器原理
索取号:TN713/287=2
 
预约/预借
| 序号 | 登录号 | 条形码 | 馆藏地/架位号 | 状态 | 备注 |
| 1 | 980764 | 209807645 | 第二样本阅览室/ [索取号:TN713/287=2] | 在馆 | |
| 2 | 980765 | 209807654 | 密集书库-物理学院/ [索取号:TN713/287=2] | 在馆 | |
| 3 | 980766 | 209807663 | 第三借阅区/ [索取号:TN713/287=2] | 在馆 |